समशेरबहाद्दर कृष्णसिंग (Record no. 1002308)

MARC details
000 -LEADER
fixed length control field 00402nam a2200133Ia 4500
008 - FIXED-LENGTH DATA ELEMENTS--GENERAL INFORMATION
fixed length control field 151001s9999||||xx |||||||||||||| ||und||
100 ## - MAIN ENTRY--PERSONAL NAME
Personal name नयनतारा देसाई
245 ## - TITLE STATEMENT
Title समशेरबहाद्दर कृष्णसिंग
250 ## - EDITION STATEMENT
Edition statement 1
260 ## - PUBLICATION, DISTRIBUTION, ETC. (IMPRINT)
Name of publisher, distributor, etc विभासा पुस्तक महाल
260 ## - PUBLICATION, DISTRIBUTION, ETC. (IMPRINT)
Date of publication, distribution, etc २०१३
300 ## - PHYSICAL DESCRIPTION
Extent 216
365 ## - TRADE PRICE
Price amount 21

No items available.